| 000 | 00653nam a2200265Ia 4500 | ||
|---|---|---|---|
| 008 | 181129s9999 xx 000 0 und d | ||
| 020 | _a9780590965439 | ||
| 050 | _bO817 1995 | ||
| 100 | _aOsborne, Mary Pope | ||
| 245 | 0 | _aNight of the Ninjas / | |
| 245 | 0 | _cby Mary Pope Osborne ; illustrated by Sal Murdocca. | |
| 260 | _aNew York, NY : | ||
| 260 | _bScholastic, | ||
| 260 | _c1995 | ||
| 300 | _a68 pages : | ||
| 300 | _billustrations ; | ||
| 300 | _c19cm. | ||
| 440 | _aMagic tree house ; | ||
| 440 | _v5 | ||
| 500 | _a280L | ||
| 650 | _aNinjas -- Japan. | ||
| 700 | _aMurdocca, Sal. | ||
| 700 | _aSeries. | ||
| 700 | _aTitle. | ||
| 999 |
_c360089 _d360089 |
||